00680nam a2200205 a 450000100100000000500170001000800410002702000150006804000250008308200180010824501020012624600320022826000820026030000210034249000170036361000290038070000200040970000280042983000170045700003589120200930074710.0111115s1995 es 000 0 spa d a2854808894 aDO-SdBNPbspacBNPHU a341.23bF817n00aFrancia y Naciones Unidas (1945-1995) /ccoordinador Andrés Lewin ; prólogo de Alain Juppé.14aFrancia y la ONU desde 1945 aCondé-sur-Noireau :bArléa Corlet,aParís :bDiffusion Le Seuil,c1995. a293 p. ;c23 cm.1 aPanoramiques24aNACIONES UNIDASzFRANCIA12aLewin, Andrés12aJuppé, Alainepról. 0aPanoramiques